The art of graphics for the IBM PC

محفوظ في:
التفاصيل البيبلوغرافية
المؤلفون الرئيسيون: McGregor, James J. (autor), Watt, Alan H (مؤلف)
التنسيق: كتاب
اللغة:الإنجليزية
منشور في: Wokingham Addison-Wesley 1986
الموضوعات:
الوسوم: إضافة وسم
لا توجد وسوم, كن أول من يضع وسما على هذه التسجيلة!

MARC

LEADER 00000nam a2200000 a 4500
001 UCV6426
003 CL-VaPUC
008 920701e19860000UK |||||||||||||||||eng|d
082 0 4 |a 006.6  |b MCG  |2 21 
100 |a McGregor, James J.  |e autor  |9 300612 
700 0 |a Watt, Alan H  |e author  |9 300613 
245 1 4 |a The art of graphics for the IBM PC 
300 |a 454 p 
942 |c BK 
945 |d 19920701 00:00:00 
260 |a Wokingham  |b Addison-Wesley  |c 1986 
650 0 |a Gráficos por computador  |9 262412 
650 7 |a IBM COMPUTADOR PERSONAL PROGRAMACION  |2 CL-VaPUC  |9 263453 
583 |a last modification  |c 20120719 11:53:27  |k Rodrigo Vera 
999 |c 212506  |d 212504 
952 |0 0  |1 0  |4 0  |6 006_600000000000000_MCG_1986  |7 0  |8 A  |9 193540  |a BIBING  |b BIBING  |d 2019-11-14  |i 2614472  |o 006.6 MCG 1986  |p 2614472  |r 2025-01-20  |w 2019-11-14  |y BK  |k EIE